| 000 | 01209nam a22003617a 4500 | ||
|---|---|---|---|
| 003 | CHAP | ||
| 005 | 20220329143733.0 | ||
| 008 | 110509s1992 us a r 00010 eng d | ||
| 010 | _a101146 | ||
| 011 | _a102118 | ||
| 020 | _a0306442450 | ||
| 035 | _a112806 | ||
| 040 | _cCHAP | ||
| 082 | 0 | 4 |
_a615.32 _bP56 |
| 245 | 0 | 0 |
_aPhytochemical resources for medicine and agriculture _c/editado por Herbert N. Nigg and David Seigler |
| 260 |
_aNew York : _bPlenum, _cc1992 |
||
| 300 |
_avii, 445 p. : _bilus., gráfs., tablas |
||
| 590 |
_aBATCH-UPD _b10 _c20130110 _lUCH01 _h1138 |
||
| 590 |
_aBATCH-UPD _b10 _c20130410 _lUCH01 _h0724 |
||
| 590 |
_aBATCH-UPD _b10 _c20130914 _lUCH01 _h0744 |
||
| 590 |
_aCONVERSION _b10 _c20130109 _lUCH01 _h1356 |
||
| 650 | 1 | 4 |
_aBotánica médica. _914680 |
| 650 | 1 | 4 |
_aMateria médica. _972929 |
| 650 | 1 | 4 |
_aMedicina alternativa. _973914 |
| 650 | 1 | 4 |
_aMedicina tradicional. _973921 |
| 650 | 1 | 4 |
_aQuímica vegetal. _993602 |
| 650 | 1 | 4 |
_aTerapéutica fisiológica. _9112346 |
| 700 | 0 |
_aSeigler, David S. _e, ed. _9103755 |
|
| 700 | 1 |
_aNigg, Herbert N. _e, ed. _981328 |
|
| 901 | _aBK | ||
| 942 | _cLIBRO | ||
| 949 |
_a615.32 P56 _bBC _cLIBRO _d33724002254637 _eLIBRO _h114888 _i112806 _sb |
||
| 999 |
_c101146 _d101146 |
||